[Event "6.Griesheimer Schachtage 2010"]
[Site "Griesheim"]
[Date "2010.05.08"]
[Round "2.27"]
[White "Storkebaum, Ulrike"]
[Black "Khrapko, Marko"]
[Result "1/2-1/2"]
[WhiteElo "1867"]
[BlackElo "1335"]
[PlyCount "176"]
[EventDate "2010.05.08"]

1. e4 e5 2. Nf3 Nc6 3. d4 exd4 4. Nxd4 Bc5 5. Be3 Qf6 6. c3 Nxd4 7. cxd4 Bb6 8.
Nc3 d6 9. Be2 Ne7 10. Qd2 Ba5 11. a3 Bxc3 12. Qxc3 c6 13. O-O Qg6 14. Bf3 Bg4
15. Bf4 Bxf3 16. Qxf3 O-O 17. Rac1 d5 18. Rfe1 Rfe8 19. Bd2 dxe4 20. Qxe4 Qxe4
21. Rxe4 Nd5 22. Rce1 Kf8 23. Kf1 Rxe4 24. Rxe4 Re8 25. f3 h6 26. Ke2 f5 27.
Re5 g5 28. g3 Rxe5+ 29. dxe5 Kf7 30. f4 g4 31. Kd3 Ke6 32. Kd4 h5 33. Kc5 Kd7
34. b4 Ke6 35. a4 a6 36. Kc4 Nb6+ 37. Kb3 Nd5 38. Kc2 Kd7 39. Kd3 Ke7 40. Kd4
Kd7 41. b5 axb5 42. axb5 Ke6 43. bxc6 bxc6 44. Kc5 Kd7 45. Kd4 Ke6 46. Ba5 Ke7
47. Kc5 Kd7 48. Bd2 Ne7 49. Bc3 Nd5 50. Bd4 Nc7 51. Kc4 Nd5 52. Kc5 Nc7 53. Kc4
Nd5 54. Bc5 Ke6 55. Kd4 Nc7 56. Bb6 Nd5 57. Kc5 Kd7 58. Ba7 Nc7 59. Kc4 Nd5 60.
Kd4 Ke6 61. Kd3 Nb4+ 62. Ke2 Nd5 63. Kf2 Nc3 64. Kg2 Nd5 65. h3 Nc3 66. h4 Nd5
67. Kf2 Nc3 68. Kg2 Nd5 69. Kf1 Nc3 70. Bf2 Kd7 71. Be1 Nd5 72. Ke2 Ke7 73. Kd3
Ke6 74. Bf2 Kd7 75. Kc4 Ke6 76. Kc5 Kd7 77. Bd4 Nc7 78. Kc4 Nd5 79. Bf2 Ke6 80.
Kc5 Kd7 81. Be1 Nc7 82. Bd2 Nd5 83. e6+ Kxe6 84. Kxc6 Nf6 85. Be1 Ne4 86. Kc7
Ke7 87. Kc6 Ke6 88. Kc7 Ke7 1/2-1/2

[Event "6.Griesheimer Schachtage 2010"]
[Site "Griesheim"]
[Date "2010.05.08"]
[Round "2.28"]
[White "Storch, Markus"]
[Black "Auschkalnis, Reinhard"]
[Result "0-1"]
[WhiteElo "1230"]
[BlackElo "1882"]
[PlyCount "82"]
[EventDate "2010.05.08"]

1. d4 d5 2. e4 dxe4 3. Nc3 e5 4. d5 Bb4 5. Bc4 Nf6 6. Bg5 h6 7. Bh4 Bxc3+ 8.
bxc3 Qd6 9. f3 O-O 10. Ne2 exf3 11. gxf3 Bf5 12. Bg3 Qc5 13. Bb3 e4 14. Bf2 e3
15. Bg3 c6 16. d6 Nbd7 17. Qd4 Rfe8 18. O-O-O Qa3+ 19. Kb1 a5 20. Qa4 Qxa4 21.
Bxa4 b5 22. Bb3 a4 23. Bxf7+ Kxf7 24. Rhe1 c5 25. Bf4 g5 26. Bg3 Be6 27. h4 Bd5
28. Ng1 e2 29. Rd2 Bc4 30. hxg5 hxg5 31. Nh3 Kg6 32. Nf2 Nd5 33. Ne4 Rxe4 34.
Rxd5 Bxd5 35. fxe4 Bxe4 36. Rxe2 Re8 37. Re1 Re6 38. Rd1 Bf5 39. Kb2 Re2 40.
Rc1 Ne5 41. c4 Nd3+ 0-1

[Event "6.Griesheimer Schachtage 2010"]
[Site "Griesheim"]
[Date "2010.05.08"]
[Round "2.29"]
[White "Mager, Denis"]
[Black "Bars, Alexander"]
[Result "1-0"]
[WhiteElo "1538"]
[BlackElo "1242"]
[PlyCount "67"]
[EventDate "2010.05.08"]

1. Nf3 Nc6 2. c4 Nf6 3. Nc3 e5 4. d4 d6 5. Bg5 h6 6. Bh4 Be7 7. e3 Bg4 8. Be2
Nd7 9. Bg3 h5 10. h3 Bxf3 11. Bxf3 g6 12. a3 Bf6 13. d5 Ne7 14. e4 h4 15. Bh2
Bg5 16. b4 c6 17. dxc6 Nxc6 18. Nb5 Nf6 19. Nxd6+ Ke7 20. Nxb7 Qc7 21. Nc5 Rad8
22. Qb3 Nd4 23. Qb2 Nxf3+ 24. gxf3 Bf4 25. Bxf4 exf4 26. O-O g5 27. Rfd1 Rhg8
28. e5 Nd7 29. Rd5 Nb6 30. Rxd8 Rxd8 31. e6 fxe6 32. Qg7+ Kd6 33. Rd1+ Kc6 34.
b5+ 1-0

[Event "6.Griesheimer Schachtage 2010"]
[Site "Griesheim"]
[Date "2010.05.08"]
[Round "2.30"]
[White "Urbach, Jens"]
[Black "Berger, Achim"]
[Result "1/2-1/2"]
[WhiteElo "927"]
[BlackElo "1670"]
[PlyCount "91"]
[EventDate "2010.05.08"]

1. e4 e5 2. Bc4 Nf6 3. d3 Bc5 4. Nf3 d6 5. Bg5 Nc6 6. O-O Bg4 7. h3 Bh5 8. a3
O-O 9. b4 Bb6 10. c3 h6 11. Bh4 g5 12. Bg3 Kh7 13. Nbd2 Rg8 14. Qb3 Qd7 15. Nh2
Bg6 16. Rae1 Nh5 17. Ng4 Qe7 18. Bh2 Rg7 19. a4 a6 20. g3 f5 21. Ne3 Qd7 22.
Be6 Qe7 23. exf5 Bf7 24. Bxf7 Rxf7 25. Nd5 Qd7 26. Nxb6 cxb6 27. g4 Nf4 28. Re3
Raf8 29. Nc4 Qd8 30. Rfe1 d5 31. Nxe5 Nxe5 32. Bxf4 gxf4 33. Rxe5 Qh4 34. Qxd5
Qxh3 35. Qg2 Qxd3 36. Re7 Qxc3 37. Rxf7+ Rxf7 38. Rd1 Rg7 39. Kh1 Qf6 40. Qh3
Qc6+ 41. Kh2 Qxa4 42. Rd4 Qc6 43. Rxf4 Qd6 44. Qf3 Rc7 45. Qe4 b5 46. f6+
1/2-1/2

[Event "6.Griesheimer Schachtage 2010"]
[Site "Griesheim"]
[Date "2010.05.08"]
[Round "2.31"]
[White "Laue, Thomas"]
[Black "Meisinger, Herbert"]
[Result "1/2-1/2"]
[WhiteElo "1908"]
[BlackElo "1185"]
[PlyCount "78"]
[EventDate "2010.05.08"]

1. e4 c5 2. Nc3 Nc6 3. f4 e6 4. Nf3 d5 5. e5 a6 6. d3 Nge7 7. g3 Nf5 8. Bh3
Nfd4 9. O-O Be7 10. Ne2 Nxf3+ 11. Rxf3 O-O 12. c3 f6 13. exf6 Bxf6 14. Qf1 e5
15. Be3 Bxh3 16. Qxh3 d4 17. cxd4 exd4 18. Bd2 Qc8 19. Qh5 b6 20. Re1 Qe8 21.
Qd5+ Rf7 22. Nc3 Qd7 23. Qxd7 Rxd7 24. Ne4 Re7 25. b3 a5 26. a4 Kf8 27. Rf2 Rd8
28. Rfe2 Rdd7 29. Kg2 Kf7 30. Kf3 g6 31. h3 Nb4 32. Bxb4 cxb4 33. Rc1 Rc7 34.
Rec2 Rc3 35. Nxc3 Re3+ 36. Kf2 bxc3 37. Rd1 Be7 38. Ra2 Bb4 39. h4 h5 1/2-1/2

[Event "6.Griesheimer Schachtage 2010"]
[Site "Griesheim"]
[Date "2010.05.08"]
[Round "2.32"]
[White "Heilmann, Jean-Michel"]
[Black "Perske, Thore"]
[Result "1-0"]
[WhiteElo "1328"]
[BlackElo "1659"]
[PlyCount "69"]
[EventDate "2010.05.08"]

1. e4 e6 2. d4 d5 3. Nc3 Bb4 4. e5 c5 5. a3 Bxc3+ 6. bxc3 Qc7 7. Qg4 f5 8. Bb5+
Kf8 9. Qd1 Qa5 10. Rb1 a6 11. Be2 Qxc3+ 12. Qd2 Qxd2+ 13. Bxd2 cxd4 14. f4 Nc6
15. Nf3 Nge7 16. O-O h6 17. Rfd1 Rb8 18. a4 Bd7 19. a5 Kf7 20. Rb2 Na7 21. Nxd4
Nec6 22. Nxc6 Bxc6 23. c4 dxc4 24. Bxc4 Bb5 25. Rc1 Rhd8 26. Be3 Nc8 27. Bxb5
axb5 28. Rc7+ Ne7 29. Bc5 Re8 30. Rxb5 Rbc8 31. Rbxb7 Rxc7 32. Rxc7 g5 33.
Rxe7+ Rxe7 34. Bxe7 Kxe7 35. a6 1-0

[Event "6.Griesheimer Schachtage 2010"]
[Site "Griesheim"]
[Date "2010.05.08"]
[Round "2.33"]
[White "Mueck, Reinhold"]
[Black "Jacob, Achim"]
[Result "0-1"]
[WhiteElo "1018"]
[BlackElo "1636"]
[PlyCount "94"]
[EventDate "2010.05.08"]

1. e4 c6 2. Nf3 e6 3. d4 d5 4. Nc3 Bb4 5. Bd2 Bxc3 6. Bxc3 dxe4 7. Nd2 Nf6 8.
Qe2 Qd5 9. Qc4 O-O 10. Qxd5 exd5 11. Be2 Bf5 12. O-O-O Nbd7 13. Nf1 Bg4 14. f3
exf3 15. gxf3 Bf5 16. Ng3 Bg6 17. h4 Nh5 18. Nxh5 Bxh5 19. Rde1 Nf6 20. Bd2 h6
21. Rhg1 Kh8 22. Rg2 Rae8 23. Reg1 Rg8 24. Bf4 Nd7 25. Kd2 Re6 26. Rf2 Rg6 27.
Rfg2 Rxg2 28. Rxg2 Re8 29. Rg3 Nf8 30. Bd3 Bg6 31. Be5 Nd7 32. f4 Nxe5 33. dxe5
Bxd3 34. cxd3 Re6 35. d4 Kh7 36. Ke3 Rg6 37. Kf3 Rxg3+ 38. Kxg3 Kg6 39. Kg4 h5+
40. Kf3 Kf5 41. b3 b6 42. b4 b5 43. a3 a6 44. Ke3 Kg4 45. f5 Kxf5 46. Kf3 g6
47. Ke3 Kg4 0-1

[Event "6.Griesheimer Schachtage 2010"]
[Site "Griesheim"]
[Date "2010.05.08"]
[Round "3.1"]
[White "Grabarczyk, Bogdan"]
[Black "Bahlke, Wolfgang"]
[Result "1-0"]
[WhiteElo "2433"]
[BlackElo "2126"]
[PlyCount "65"]
[EventDate "2010.05.08"]

1. e4 c6 2. Nf3 d5 3. Nc3 Bg4 4. h3 Bxf3 5. Qxf3 e6 6. d3 Nd7 7. Bd2 Ne7 8. g3
d4 9. Nd1 c5 10. h4 Nc6 11. Qe2 h5 12. Bh3 Be7 13. f4 Qc7 14. c4 O-O-O 15. e5
f6 16. exf6 Bxf6 17. Nf2 e5 18. f5 e4 19. Nxe4 Rhe8 20. O-O-O Nce5 21. Bf4 b5
22. cxb5 c4 23. Kb1 Nc5 24. dxc4 Qb6 25. Nxc5 Qxc5 26. Qe4 d3 27. Bg2 Rd4 28.
Qb7+ Kd8 29. Bc6 Rxf4 30. Qb8+ Ke7 31. Qxe8+ Kd6 32. Qf8+ Be7 33. Qb8# 1-0

[Event "6.Griesheimer Schachtage 2010"]
[Site "Griesheim"]
[Date "2010.05.08"]
[Round "3.2"]
[White "Kaulfuss, Helmut"]
[Black "Boidman, Yuri"]
[Result "0-1"]
[WhiteElo "2199"]
[BlackElo "2409"]
[PlyCount "92"]
[EventDate "2010.05.08"]

1. e4 d5 2. Nc3 d4 3. Nce2 e5 4. Ng3 Be6 5. Nf3 Nd7 6. b3 f6 7. Bc4 Bxc4 8.
bxc4 Nc5 9. d3 Ne6 10. O-O Qd7 11. a4 g5 12. h4 h6 13. h5 Bb4 14. a5 O-O-O 15.
Nh2 Ne7 16. Ng4 Rdf8 17. Qf3 Nf4 18. a6 b6 19. Ba3 Bxa3 20. Rxa3 c5 21. Nf5
Nxh5 22. Ngxh6 Ng7 23. Nxe7+ Qxe7 24. Nf5 Qd7 25. Nxg7 Qxg7 26. Qg4+ Kc7 27. f3
Rh4 28. Qg3 Qh6 29. Raa1 Rh8 30. Rae1 Rf4 31. Kf2 Rh4 32. Ke2 Rh7 33. Rb1 Qf8
34. Rg1 Qc8 35. Ra1 Kd6 36. Raf1 Qd7 37. Rb1 Kc7 38. Rbf1 Rh2 39. Kf2 R7h4 40.
Ra1 Qh7 41. Rab1 Qh6 42. Rbe1 Kc6 43. Kf1 Kd6 44. Kf2 g4 45. fxg4 R4h3 46. g5
fxg5 0-1

[Event "6.Griesheimer Schachtage 2010"]
[Site "Griesheim"]
[Date "2010.05.08"]
[Round "3.3"]
[White "Leiter, Thomas"]
[Black "Zuyev, Igor"]
[Result "0-1"]
[WhiteElo "2076"]
[BlackElo "2329"]
[PlyCount "96"]
[EventDate "2010.05.08"]

1. e4 c5 2. Nf3 g6 3. c3 Bg7 4. Be2 Nc6 5. O-O d5 6. d3 d4 7. cxd4 Nxd4 8. Nxd4
Bxd4 9. Nc3 Nf6 10. Bh6 Be6 11. Kh1 Qa5 12. Qc2 Rg8 13. Bd2 Qb6 14. Rac1 Qc6
15. Qb1 g5 16. b4 Bg4 17. f3 Nh5 18. Be1 Bd7 19. Bd1 Be3 20. Ba4 Qc8 21. Rc2
Nf4 22. bxc5 Bxa4 23. Nxa4 Qd7 24. c6 bxc6 25. Bd2 Bd4 26. Rc4 Rd8 27. Qc2 Rg6
28. Bb4 Be3 29. d4 Rh6 30. Nc5 Qc7 31. g3 Nh5 32. Kg2 Qc8 33. Nd3 Nxg3 34. Nf2
Nxf1 35. Ng4 Bxd4 36. Kxf1 Re6 37. Kg2 h5 38. Nf2 Rf6 39. e5 Bxe5 40. Ne4 Rg6
41. Bc3 Bf4 42. h3 g4 43. fxg4 hxg4 44. h4 Qe6 45. Bb4 Rh6 46. Nf2 Qd5+ 47. Qe4
e5 48. Nxg4 Rg6 0-1

[Event "6.Griesheimer Schachtage 2010"]
[Site "Griesheim"]
[Date "2010.05.08"]
[Round "3.4"]
[White "Gramlich, Sebastian"]
[Black "Hahn, Werner"]
[Result "1/2-1/2"]
[WhiteElo "2269"]
[BlackElo "2155"]
[PlyCount "94"]
[EventDate "2010.05.08"]

1. d4 Nf6 2. c4 g6 3. Nc3 d6 4. e4 Bg7 5. f3 O-O 6. Bg5 a6 7. Qd2 Nc6 8. Nge2
Rb8 9. Nc1 e5 10. d5 Nd4 11. Nb3 c5 12. Bd3 h6 13. Be3 Kh7 14. O-O-O b5 15.
cxb5 Qc7 16. b6 Qxb6 17. Na4 Nxb3+ 18. axb3 Qxb3 19. Qc2 Qb7 20. g4 Nd7 21. h4
Nb6 22. Nxb6 Qxb6 23. h5 g5 24. Rh2 Bd7 25. Rdd2 Rb7 26. Qc3 Rfb8 27. Bc4 Bf6
28. b3 Bd8 29. Ra2 a5 30. Rhb2 Qa7 31. Bd2 a4 32. bxa4 Rxb2 33. Rxb2 Rxb2 34.
Kxb2 Bxa4 35. Kc1 Qb6 36. Qd3 Kg7 37. Be1 Kf8 38. Bd2 Ke8 39. Be1 Kd7 40. Bd2
Kc8 41. Be1 Kb7 42. Bd2 Bd7 43. Kc2 Bc8 44. Qa3 Qa7 45. Qb3+ Ka8 46. Bb5 Bd7
47. Kd3 Bxb5+ 1/2-1/2

[Event "6.Griesheimer Schachtage 2010"]
[Site "Griesheim"]
[Date "2010.05.08"]
[Round "3.5"]
[White "Reinert, Stephane"]
[Black "Barthel, Ansgar"]
[Result "0-1"]
[WhiteElo "2099"]
[BlackElo "2206"]
[PlyCount "72"]
[EventDate "2010.05.08"]

1. d4 Nf6 2. Bg5 Ne4 3. Bf4 Nc6 4. f3 Nf6 5. d5 e5 6. Bg3 Ne7 7. Bxe5 Nexd5 8.
e4 Ne3 9. Qd3 Nxf1 10. Qxf1 Qe7 11. Bc3 Nd5 12. Bd2 Nb4 13. Na3 d5 14. c3 Nc6
15. O-O-O dxe4 16. Re1 Be6 17. Rxe4 O-O-O 18. Nc4 Qd7 19. Bf4 Bf5 20. Ne5 Nxe5
21. Rxe5 Bd3 22. Qd1 Qc6 23. Ra5 Bc5 24. Qb3 Bc4 25. Qc2 Kb8 26. b4 Bb6 27. Re5
Rhe8 28. Nh3 Rxe5 29. Bxe5 Be3+ 30. Kb2 Rd2 31. Qxd2 Bxd2 32. Rd1 Qd5 33. Bf4
Bxc3+ 34. Kc2 Bd4 35. Ng5 Qf5+ 36. Ne4 Bf6 0-1

[Event "6.Griesheimer Schachtage 2010"]
[Site "Griesheim"]
[Date "2010.05.08"]
[Round "3.6"]
[White "Minor, Samuel"]
[Black "Ahrends, Norbert"]
[Result "1-0"]
[WhiteElo "2183"]
[BlackElo "2034"]
[PlyCount "67"]
[EventDate "2010.05.08"]

1. e4 c6 2. d4 d5 3. Nc3 dxe4 4. Nxe4 Nd7 5. Bd3 Ngf6 6. Ng5 e6 7. N1f3 Be7 8.
Qe2 Nb6 9. Bd2 h6 10. Ne4 Nxe4 11. Qxe4 Nd5 12. Qg4 Bf6 13. Ne5 Bd7 14. c4 Ne7
15. c5 Nd5 16. Nc4 h5 17. Qe4 Be7 18. Qe5 Nf6 19. Ba5 Qb8 20. Bc7 Qc8 21. Bd6
Kf8 22. Bxe7+ Kxe7 23. Nd6 Qb8 24. Qg5 Kf8 25. O-O Ne8 26. Nc4 Qd8 27. f4 Qf6
28. Ne5 Rd8 29. Qg3 Qh6 30. Bc4 h4 31. Qb3 Bc8 32. f5 Rxd4 33. fxe6 Rxc4 34.
Nxf7 1-0

[Event "6.Griesheimer Schachtage 2010"]
[Site "Griesheim"]
[Date "2010.05.08"]
[Round "3.7"]
[White "Mager, Thomas"]
[Black "Schlapp, Thomas"]
[Result "0-1"]
[WhiteElo "1843"]
[BlackElo "2284"]
[PlyCount "98"]
[EventDate "2010.05.08"]

1. d4 d6 2. c4 f5 3. g3 g6 4. Bg2 Bg7 5. Nf3 Nf6 6. O-O O-O 7. Nc3 Nc6 8. d5
Na5 9. Nd2 c5 10. Re1 a6 11. a3 Qc7 12. b3 Rb8 13. Bb2 b5 14. cxb5 axb5 15. Rc1
Qa7 16. Ba1 Bd7 17. e4 fxe4 18. Ndxe4 b4 19. Nxf6+ Bxf6 20. Ne4 bxa3 21. Nxf6+
exf6 22. Re7 Rf7 23. Rxf7 Kxf7 24. Qf3 Bf5 25. Qc3 Qe7 26. Qxa5 Rxb3 27. h3 Qd7
28. Kh2 h5 29. Rc3 Rb2 30. Rf3 Rb4 31. Qxa3 g5 32. Qc3 Rd4 33. Re3 Kg6 34. Qe1
Ra4 35. Be4 Ra2 36. Kg2 Bxe4+ 37. Rxe4 Qf5 38. Bc3 Qxd5 39. Kg1 Rc2 40. Re8 Qc4
41. Bd2 Qd5 42. Be3 Rb2 43. Qc1 Qb3 44. Kg2 Rb1 45. Qd2 Rd1 46. Qe2 Qd5+ 47. f3
Ra1 48. Qc2+ Kf7 49. Qe4 Qa2+ 0-1

[Event "6.Griesheimer Schachtage 2010"]
[Site "Griesheim"]
[Date "2010.05.08"]
[Round "3.8"]
[White "Tominski, Norbert"]
[Black "Holter, Bernd"]
[Result "1/2-1/2"]
[WhiteElo "1921"]
[BlackElo "1949"]
[PlyCount "27"]
[EventDate "2010.05.08"]

1. d4 d6 2. Nf3 Bg4 3. c4 Bxf3 4. exf3 e6 5. Bd3 g6 6. O-O Bg7 7. Be3 Ne7 8.
Qb3 Qc8 9. Qb5+ c6 10. Qg5 Nd7 11. Nc3 Nf6 12. Ne4 Nxe4 13. Bxe4 d5 14. cxd5
1/2-1/2

[Event "6.Griesheimer Schachtage 2010"]
[Site "Griesheim"]
[Date "2010.05.08"]
[Round "3.9"]
[White "Bejan, Viorel"]
[Black "Hoeck, Raimund"]
[Result "0-1"]
[WhiteElo "1579"]
[BlackElo "2049"]
[PlyCount "66"]
[EventDate "2010.05.08"]

1. e4 c5 2. Nc3 Nc6 3. f4 d6 4. Bc4 g6 5. Nf3 Bg7 6. d3 e6 7. O-O Nge7 8. Qe1
O-O 9. f5 gxf5 10. Qg3 Kh8 11. Nb5 Ne5 12. Ng5 h6 13. Qh3 Kg8 14. exf5 exf5 15.
Nxf7 Nxf7 16. Bxh6 Bxh6 17. Bxf7+ Rxf7 18. Qxh6 Qf8 19. Qxf8+ Rxf8 20. Nxd6 Rd8
21. Rae1 Rxd6 22. Rxe7 Bd7 23. Rfe1 Rf8 24. R1e5 b6 25. Re3 Rf7 26. R7e5 Rg6
27. Rg3 Rxg3 28. hxg3 Kg7 29. c3 Kf6 30. Re3 Bc6 31. Re2 Rd7 32. Rd2 Bb5 33. c4
Bxc4 0-1

[Event "6.Griesheimer Schachtage 2010"]
[Site "Griesheim"]
[Date "2010.05.08"]
[Round "3.10"]
[White "Klundt, Klaus"]
[Black "Breitbach, Stephan"]
[Result "1-0"]
[WhiteElo "2353"]
[BlackElo "1425"]
[PlyCount "63"]
[EventDate "2010.05.08"]

1. e4 d5 2. exd5 Qxd5 3. Nc3 Qa5 4. d4 Nf6 5. Nf3 c6 6. Bc4 Bf5 7. Bd2 Qc7 8.
Qe2 e6 9. Ne5 Nbd7 10. O-O-O Bd6 11. Rhe1 O-O 12. g4 Bg6 13. h4 h6 14. f4 Bxe5
15. dxe5 Nd5 16. h5 Bh7 17. g5 hxg5 18. fxg5 Bf5 19. Bd3 Bxd3 20. Qxd3 Nxc3 21.
Bxc3 Nc5 22. Qc4 b6 23. Rd6 a5 24. Red1 Rfd8 25. g6 Rd7 26. Rxd7 Nxd7 27. gxf7+
Kxf7 28. Rf1+ Ke7 29. Qh4+ Ke8 30. h6 gxh6 31. Qxh6 Nxe5 32. Qh8+ 1-0

[Event "6.Griesheimer Schachtage 2010"]
[Site "Griesheim"]
[Date "2010.05.08"]
[Round "3.11"]
[White "Haas, Vanessa"]
[Black "Prenzler, Daniel"]
[Result "0-1"]
[WhiteElo "1848"]
[BlackElo "2184"]
[PlyCount "50"]
[EventDate "2010.05.08"]

1. e4 c5 2. Nf3 a6 3. d4 cxd4 4. Nxd4 Nf6 5. Nc3 e5 6. Nf3 Bc5 7. Bc4 Nc6 8.
O-O h6 9. Bd2 O-O 10. h3 d6 11. a3 Be6 12. Bxe6 fxe6 13. b4 Bd4 14. Re1 Qe8 15.
Nxd4 exd4 16. Na2 Qg6 17. Qe2 Nh5 18. Qg4 Qf7 19. Qe2 Ne5 20. g4 Nf4 21. Bxf4
Qxf4 22. Kg2 Rac8 23. Rac1 Nf3 24. Rh1 Nh4+ 25. Kf1 d3 0-1

[Event "6.Griesheimer Schachtage 2010"]
[Site "Griesheim"]
[Date "2010.05.08"]
[Round "3.12"]
[White "Warnk, Torsten"]
[Black "Lenhardt, Manfred"]
[Result "0-1"]
[WhiteElo "1977"]
[BlackElo "2149"]
[PlyCount "122"]
[EventDate "2010.05.08"]

1. d4 d5 2. Nf3 Nf6 3. Bf4 Bf5 4. e3 e6 5. c4 Bxb1 6. Rxb1 Bb4+ 7. Ke2 Bd6 8.
Qa4+ Qd7 9. Qxd7+ Nbxd7 10. Bxd6 cxd6 11. Nd2 Ke7 12. Kf3 dxc4 13. Bxc4 Rhc8
14. Rhc1 Rc7 15. Bd3 Rac8 16. Rxc7 Rxc7 17. Nb3 e5 18. Rc1 Rxc1 19. Nxc1 d5 20.
Bb5 exd4 21. exd4 Nf8 22. h3 Ne6 23. Ke3 g5 24. Be2 Kd6 25. Nd3 b6 26. Ne5 Nd8
27. f4 h6 28. Bd3 Ng8 29. Bh7 Nf6 30. Bf5 Ng8 31. g3 Ne7 32. Bd3 Ng8 33. Ng4 h5
34. Ne5 f6 35. Bh7 Nh6 36. fxg5 fxg5 37. Nf3 Ne6 38. Bg6 g4 39. hxg4 hxg4 40.
Ne5 Ke7 41. Nc6+ Kf6 42. Bd3 a5 43. Bc2 Nf7 44. Bd1 Nh6 45. Bc2 Nf7 46. Bb3 Nd6
47. Ne5 Nf5+ 48. Kf2 Nfxd4 49. Nd7+ Ke7 50. Nxb6 Nxb3 51. axb3 Kd6 52. Na4 d4
53. Nb6 Kc5 54. Nc4 Kb4 55. Ke2 Nc5 56. Ne5 Kxb3 57. Nxg4 Kxb2 58. Ne5 a4 59.
g4 Kc3 60. Nf3 a3 61. Kd1 a2 0-1

[Event "6.Griesheimer Schachtage 2010"]
[Site "Griesheim"]
[Date "2010.05.08"]
[Round "3.13"]
[White "Tierling, Detlef"]
[Black "Storkebaum, Karl-Heinrich"]
[Result "1-0"]
[WhiteElo "2028"]
[BlackElo "1994"]
[PlyCount "69"]
[EventDate "2010.05.08"]

1. f4 d5 2. Nf3 c5 3. e3 g6 4. Nc3 e6 5. b3 Bg7 6. Bb2 a6 7. Bd3 Nc6 8. O-O b5
9. Qb1 Nge7 10. Nxd5 Bxb2 11. Qxb2 Kd7 12. Nb6+ Kc7 13. Nxa8+ Kb7 14. a4 b4 15.
Ne5 Nxe5 16. Qxe5 Kxa8 17. Be4+ Bb7 18. Bxb7+ Kxb7 19. Qxc5 a5 20. c3 bxc3 21.
dxc3 Qc7 22. Qxc7+ Kxc7 23. Rfd1 Rb8 24. b4 axb4 25. cxb4 Rxb4 26. a5 Nd5 27.
a6 Kb8 28. a7+ Ka8 29. Rdc1 Nb6 30. Rc7 f5 31. Rxh7 Rc4 32. Ra6 Rc6 33. Rh8+
Rc8 34. Rxc8+ Nxc8 35. Rxe6 1-0

[Event "6.Griesheimer Schachtage 2010"]
[Site "Griesheim"]
[Date "2010.05.08"]
[Round "3.14"]
[White "Gutacker, Stephan"]
[Black "Bitzer, Andre"]
[Result "1/2-1/2"]
[WhiteElo "1936"]
[BlackElo "1720"]
[PlyCount "113"]
[EventDate "2010.05.08"]

1. e4 c6 2. d4 d5 3. Nc3 dxe4 4. Nxe4 Nf6 5. Ng3 Bg4 6. Be2 Bxe2 7. N1xe2 e6 8.
O-O Bd6 9. c4 O-O 10. b3 Nbd7 11. Bb2 Qc7 12. Rc1 Rad8 13. f4 Rfe8 14. Kh1 Ng4
15. Qd3 Ndf6 16. Qf3 Qe7 17. h3 Nh6 18. Rcd1 c5 19. dxc5 Bxc5 20. Bxf6 gxf6 21.
Nc3 f5 22. Na4 b6 23. Nxc5 bxc5 24. Nh5 Qh4 25. Kg1 Kf8 26. Ng3 Ng8 27. Ne2 Nf6
28. Nc3 Rd4 29. Rxd4 cxd4 30. Nb5 Ne4 31. Rd1 Ke7 32. Nxd4 Rg8 33. Ne2 Nd2 34.
Qf2 Qxf2+ 35. Kxf2 Ne4+ 36. Kf3 h5 37. g3 f6 38. b4 e5 39. c5 Rd8 40. Rxd8 Kxd8
41. g4 Nd2+ 42. Ke3 Nc4+ 43. Kd3 Nb2+ 44. Kc2 fxg4 45. hxg4 h4 46. fxe5 Nc4 47.
exf6 Ne3+ 48. Kd3 Nxg4 49. Ke4 Nxf6+ 50. Ke5 Nh5 51. Ng1 Kc7 52. Kf5 Kc6 53. a4
a6 54. Nh3 Ng3+ 55. Kg4 Ne4 56. Nf4 Nxc5 57. b5+ 1/2-1/2

[Event "6.Griesheimer Schachtage 2010"]
[Site "Griesheim"]
[Date "2010.05.08"]
[Round "3.15"]
[White "Simak, Jaroslav"]
[Black "Neuner, Johannes"]
[Result "1/2-1/2"]
[WhiteElo "1753"]
[BlackElo "1960"]
[PlyCount "26"]
[EventDate "2010.05.08"]

1. e4 c6 2. d4 d5 3. e5 c5 4. dxc5 Nc6 5. c4 Qa5+ 6. Nd2 Nxe5 7. cxd5 Nf6 8.
Be2 Nxd5 9. Ngf3 Nd7 10. O-O Nxc5 11. Nc4 Qd8 12. Nce5 Qd6 13. Nc4 Qd8 1/2-1/2

[Event "6.Griesheimer Schachtage 2010"]
[Site "Griesheim"]
[Date "2010.05.08"]
[Round "3.16"]
[White "Geringer, Waldemar"]
[Black "Mager, Denis"]
[Result "1-0"]
[WhiteElo "1949"]
[BlackElo "1538"]
[PlyCount "105"]
[EventDate "2010.05.08"]

1. d4 Nf6 2. c4 g6 3. Nc3 Bg7 4. e4 d6 5. Nf3 O-O 6. Be2 Nbd7 7. O-O e5 8. Be3
Ng4 9. Bg5 f6 10. Bh4 g5 11. Bg3 h5 12. h3 Nh6 13. Qd2 Re8 14. dxe5 Nxe5 15.
Nxe5 dxe5 16. Qxd8 Rxd8 17. Bxh5 Rd4 18. b3 Be6 19. Rad1 c6 20. Ne2 Rdd8 21. f3
Bf8 22. Bf2 b6 23. Nc3 Bb4 24. Na4 Be7 25. Be3 Kg7 26. Nb2 Rab8 27. Nd3 Rd7 28.
Rd2 Rbd8 29. Rfd1 Ng8 30. Bg4 Bxg4 31. hxg4 Kf8 32. Kf1 Ke8 33. Ke2 Bf8 34. a4
c5 35. a5 Ne7 36. axb6 axb6 37. b4 Nc6 38. bxc5 bxc5 39. Nxc5 Rxd2+ 40. Rxd2
Nd4+ 41. Bxd4 exd4 42. Ne6 Rd7 43. Nxf8 Kxf8 44. Kd3 Ke7 45. c5 Ke6 46. Kc4 Ke5
47. c6 Rd8 48. Kc5 d3 49. c7 Rc8 50. Kc6 Kd4 51. Kd7 Rxc7+ 52. Kxc7 Ke3 53.
Rxd3+ 1-0

[Event "6.Griesheimer Schachtage 2010"]
[Site "Griesheim"]
[Date "2010.05.08"]
[Round "3.17"]
[White "Barisch, Florian"]
[Black "Diehl, Werner"]
[Result "0-1"]
[WhiteElo "1932"]
[BlackElo "2090"]
[PlyCount "174"]
[EventDate "2010.05.08"]

1. d4 d6 2. e4 e5 3. d5 f5 4. exf5 Bxf5 5. Bd3 Qd7 6. Ne2 Nf6 7. Ng3 Bxd3 8.
Qxd3 Be7 9. Nd2 O-O 10. Nde4 c6 11. c4 Na6 12. Nxf6+ Bxf6 13. Be3 Nb4 14. Qd2
c5 15. O-O b5 16. a3 Na6 17. cxb5 Qxb5 18. Ne4 Be7 19. Rfd1 Qc4 20. f3 Qb3 21.
Qc3 Rab8 22. Rab1 Rb7 23. Rd3 Qxc3 24. Nxc3 Rb3 25. Rd2 Rfb8 26. Rc2 Nc7 27.
Kf2 Nb5 28. Nxb5 R8xb5 29. a4 R5b4 30. Ke2 Rxa4 31. Rc3 Rab4 32. Rxb3 Rxb3 33.
Bc1 Bd8 34. Ra1 Bb6 35. Ra4 Kf7 36. Kd2 c4 37. Rxc4 Rb5 38. Ke2 Rxd5 39. Be3
Rb5 40. Rc2 Rb3 41. Bxb6 axb6 42. Kd2 Ke6 43. Kc1 Kd7 44. Rc4 d5 45. Rg4 g6 46.
Ra4 h5 47. Ra8 Ke6 48. Re8+ Kf6 49. Rd8 d4 50. Kc2 Rb5 51. h4 Rc5+ 52. Kd2 Ke7
53. Rg8 Rc6 54. Ra8 Kf6 55. Rf8+ Ke6 56. Rb8 Kd5 57. Kd3 Rd6 58. Rc8 Re6 59.
Rc7 b5 60. Rc8 Rd6 61. Rc7 Rc6 62. Rd7+ Ke6 63. Rb7 Rc1 64. Rxb5 Rg1 65. Ke4
Re1+ 66. Kd3 Rh1 67. g3 Re1 68. Rb6+ Kf7 69. Rb7+ Kf6 70. Rb6+ Kg7 71. Rb7+ Kf6
72. Rb6+ Kf5 73. g4+ hxg4 74. fxg4+ Kxg4 75. Rxg6+ Kxh4 76. b4 Kh5 77. Rg3 Rb1
78. Ke4 Kh4 79. Rg2 Re1+ 80. Kd3 Kh3 81. Rg5 Re3+ 82. Kc2 Rc3+ 83. Kb2 e4 84.
Rd5 Rd3 85. Kc2 Kg4 86. b5 Kf3 87. b6 Rc3+ 0-1

[Event "6.Griesheimer Schachtage 2010"]
[Site "Griesheim"]
[Date "2010.05.08"]
[Round "3.18"]
[White "Beck, Michael  HDS"]
[Black "Miller, Justin"]
[Result "1-0"]
[WhiteElo "1813"]
[BlackElo "1311"]
[PlyCount "49"]
[EventDate "2010.05.08"]

1. e4 c6 2. d4 d5 3. e5 Bf5 4. Be3 e6 5. Nd2 Nd7 6. Be2 Qc7 7. c3 b5 8. f4 a5
9. h4 h6 10. g4 Bh7 11. Ngf3 b4 12. Rc1 Qb6 13. c4 c5 14. cxd5 exd5 15. Qa4 c4
16. f5 Ne7 17. Bxc4 dxc4 18. Nxc4 Qa7 19. Nd6+ Kd8 20. Nxf7+ Ke8 21. e6 Nd5 22.
N3e5 N5b6 23. exd7+ Nxd7 24. Nxh8 Bd6 25. Qxd7+ 1-0

[Event "6.Griesheimer Schachtage 2010"]
[Site "Griesheim"]
[Date "2010.05.08"]
[Round "3.19"]
[White "Auschkalnis, Reinhard"]
[Black "Dankesreiter, Arne"]
[Result "0-1"]
[WhiteElo "1882"]
[BlackElo "2002"]
[PlyCount "80"]
[EventDate "2010.05.08"]

1. c4 e5 2. Nc3 d6 3. g3 Nc6 4. Bg2 g6 5. a3 Bg7 6. b4 f5 7. b5 Nd4 8. e3 Ne6
9. Nge2 Nf6 10. O-O O-O 11. d3 Qd7 12. Rb1 c6 13. a4 c5 14. a5 Rb8 15. Bd2 h6
16. f4 exf4 17. Nxf4 Nxf4 18. exf4 Ng4 19. Qf3 Kh7 20. h3 Nf6 21. Kh2 Qf7 22.
Rfe1 Be6 23. Qf1 d5 24. cxd5 Nxd5 25. Na4 b6 26. a6 Rbd8 27. Re2 Nc7 28. Rbe1
Rfe8 29. Bc6 Bd7 30. Qf3 Nxb5 31. Bxb5 Bxb5 32. Nxb6 Rxe2+ 33. Qxe2 axb6 34.
Qe7 Rd7 35. Qxf7 Rxf7 36. Re6 Bxa6 37. Rxb6 Bxd3 38. Kg2 Bd4 39. Rd6 Re7 40.
Ba5 Re2+ 0-1